| 000 | 01044nam a22003017a 4500 | ||
|---|---|---|---|
| 001 | 7769 | ||
| 003 | FISKH | ||
| 005 | 20250805140646.0 | ||
| 008 | 250805b cb ||||| |||| 00| 0 eng d | ||
| 020 | _a9780545630467 | ||
| 040 |
_aFISKH _beng _cFISKH _dFISKH |
||
| 050 | _a PZ7.B81668 Y | ||
| 082 | _a823.92 | ||
| 100 | _aBrown , Peter | ||
| 245 |
_aYou will be my friend ! / _cBy Peter Brown |
||
| 250 | _aFirst Scholastic printing, September 2013 | ||
| 260 |
_aNew York : _bScholastic , _c2011. |
||
| 300 |
_a40 unnumbered pages : _bcolor illustrations ; _c28 cm . |
||
| 490 | _aLucille Beatrice Bear | ||
| 505 | _aK | ||
| 520 | _aLucy, a young bear, starts her day determined to make a new friend but her enthusiasm leads to all sorts of problems until, just as she is about to give up, an unexpected friend finds her. | ||
| 521 | 8 |
_a510
_bLexile |
|
| 521 | 8 |
_aK
_bRaz-Plus |
|
| 650 |
_aBears _vJuvenile Literature |
||
| 650 |
_aFriendship _vJuvenile Literature |
||
| 942 |
_2ddc _cBK _n0 |
||
| 999 |
_c7769 _d7769 |
||